MARC

LEADER 00000nab a2200000 ar4500
001 vtls010126376
003 SK-MaSNL
005 20260303220238.0
008 100826c2010 xo ||||||||||||00 b|slo
015 |a SNBRB2010/08  |2 snkbucl 
038 |a SNKBUCL 
040 |a SNKBUCL  |b slo  |c SNKBUCL  |e AACR2 
041 0 |a slo 
044 |a xo  |c SK 
080 |a 82(091):821.162.4"16/17"  |x (048)  |2 2001 
080 |a 821.162.4  |x (091)  |x "16/17"  |x (048)  |2 2001 
080 |a 82.033:821.162.4-1  |x (048)  |2 2001 
080 |a 821.162.4-1.033  |x (048)  |2 2001 
080 |a 82.02:821.162.4  |x (048)  |2 2001 
080 |a 821.162.4.02  |x (048)  |2 2001 
080 |a 82-192:783.65:28  |x (048)  |2 2001 
100 1 |a Mráz, Peter,  |d 1984-  |4 aut  |9 133959 
245 1 0 |a Duchovné texty baroka  |c Peter Mráz 
648 7 |a 17.-18. stor.  |2 snkbucl  |9 289778 
650 0 7 |a slovenská poézia  |2 snkbucl  |9 215422 
650 0 7 |a slovenská poézia  |x slovenská literatúra  |2 snkbucl  |9 1253231 
650 0 7 |a duchovné piesne  |2 snkbucl  |9 1928 
650 0 7 |a kancionály  |2 snkbucl  |9 200885 
650 0 7 |a slovenská poézia  |x téma márnosti  |2 snkbucl  |9 1253232 
650 0 7 |a barok (literatúra)  |x slovenská poézia  |2 snkbucl  |9 1253233 
655 7 |a recenzie  |2 snkbucl  |9 21907 
773 0 |t Knižná revue  |g Roč. XX, č. 13 (2010), s. 3  |x 1210-1982 
787 0 8 |i Rec.:  |a Lauková, Silvia  |t Sondy do barokovej literatúry  |d Nitra : Univerzita Konštantína Filozofa, 2009  |z 9788080945220 
852 |a SNK  |b KIS3GCP 
958 |a LX 
958 |a SK 
958 |a RC 
999 |c 2226021  |d 2227951